Strojenije veščestva

Salvato in:
Dettagli Bibliografici
Autori principali: Karapetianc, Mich.Ch (Autore), Drakin, Sergej I. (Autore)
Natura: Libro
Lingua:russo
Pubblicazione: Moskva : Vysšaja škola, 1978
Edizione:3.izd.pererab.i dopol.
Tags: Aggiungi Tag
Nessun Tag, puoi essere il primo ad aggiungerne!!

MARC

LEADER 00000nam a22000003a 4500
001 stu201386
005 20150617230110.2
008 100323s1978----xxr-----------------rus-d
040 |a STU  |b slo 
041 0 |a rus 
044 |a xxr 
080 |a 539  |7 stu_us_auth*stu6136 
080 |a 54 
100 1 |a Karapetianc, Mich.Ch.  |4 aut 
245 1 |a Strojenije veščestva 
250 |a 3.izd.pererab.i dopol. 
260 |a Moskva :  |b Vysšaja škola,  |c 1978 
300 |a 303 s 
700 1 |a Drakin, Sergej I.  |4 aut 
996 |b E41654  |c E*41654  |l EE05  |s P  |a 0  |w stu201386_0001 
996 |b E41655  |c E*41655  |l EE05  |s P  |a 0  |w stu201386_0002 
996 |b E41656  |c E*41656  |l EE05  |s P  |a 0  |w stu201386_0003